01195 a2200253 4500003000500000005001700005010001700022020001800039040000900057082001200066100003300078245009300111260002600204300003100230505028600261610004600547610002000593650005800613650003600671710007900707942001200786999001900798952012400817Nust20230202124144.0 a 2014323740 a9789698535223 cNust a954,HAS1 aHashmat, Shahid Ahmad,9675910aInternational conflict resolution :brole of the UN and the OIC /cShahid Ahmad Hashmat. aIslamabadbNUSTc2014 axxviii, 277 pages ;c23 cm aConflict Resolution (Page-05), International Conflict (Page-21), Global Peace and Security (Page-41), The Organisation of the Islamic Cooperation (Page-65), The OIC and Conflict Resolution (Page-83), The OIC Potential and Capabilities (Page-127), Future Role of the OIC (Page-169).20aOrganisation of Islamic Conference.9506020aUnited Nations. 0aConflict managementxInternational cooperation.95062 0aMediation, International.921412 aNational University of Sciences and Technology (Islamabad, Pakistan)94252 2ddccBK c217044d217044 00102ddc4070aMCSbMCScGENd2016-12-12j4o954,HASpMCS37315r2016-12-08w2016-12-12yBKzAlmirah No.61, Shelf No.2